Sportifs et sportives de l'Estonie - Mort Subite - Statistiques

Statistiques générales
  • Ce quiz a été pris 43 fois
  • Le résultat moyen est 5 sur 16
Answers on the Grid
Answers color-coded by a green-red scale on the quiz's grid according to % correct below.
Ralf Aron
Ött Tanak
Laura Lizette Sander
Paul Jonass
Pavel Loskutov
Andrejs Rastorgujevs
Erika Kirpu
Juri Vips
Daniil Steptšenko
Arminas Jasikonis
Paul Aron
Martin Vihmann
Irina Rîngaci
Kevin Korjus
Tuuli Tomingas
Rein Taaramäe
Anastassia Kovalenko
Anatoli Cîrîcu
Josef Schovanec
Johanna Talihärm
Simon Kjær
Joakim Mæhle
Arnold Luhaäär
Rauno Sappinen
 
Statistiques - réponses
Réponse % Correct
Ött Tanak
72%
Rein Taaramäe
67%
Juri Vips
62%
Tuuli Tomingas
49%
Arnold Luhaäär
41%
Erika Kirpu
38%
Johanna Talihärm
38%
Kevin Korjus
31%
Paul Aron
28%
Ralf Aron
28%
Rauno Sappinen
28%
Daniil Steptšenko
15%
Laura Lizette Sander
13%
Martin Vihmann
13%
Anastassia Kovalenko
8%
Pavel Loskutov
5%
Aucun quiz correspondant
Distribution des résultats
% des personnes avec chaque résultat
Percentile par nombre de réponses
Votre historique - résultats
Vous n’avez pas pris ce quiz